[Event "TCh-HUN 2008-9"]
[Site "Budapest HUN"]
[Date "2009.01.25"]
[Round "6"]
[White "Varga,Cs2"]
[Black "Torma,R"]
[Result "1-0"]
[WhiteElo "2391"]
[BlackElo "2369"]

1.e4 c5 2.Nf3 d6 3.Bb5+ Bd7 4.Bxd7+ Qxd7 5.O-O Nc6 6.c3 d5 7.exd5 Qxd5 8.d4 e6
9.Qe2 Nf6 10.Rd1 Be7 11.c4 Qh5 12.d5 exd5 13.Bg5 O-O-O 14.Nc3 d4 15.Nb5 Bd6
16.h3 Qg6 17.b4 d3 18.Qb2 cxb4 19.a3 Bb8 20.axb4 Rhe8 21.Be3 Rxe3 22.fxe3 Qe4
23.Qf2 Qxc4 24.Nfd4 Rd5 25.Rdc1 Qxb4 26.Rab1 Rc5 27.Rd1 Qc4 28.Qb2 Qd5 29.Rxd3 b6
30.Qa3 Nxd4 31.Rxd4 Qf5 32.Qa6+  1-0

[Event "Open"]
[Site "Marianske Lazne CZE"]
[Date "2009.01.25"]
[Round "9"]
[White "Turner,Ja"]
[Black "Zysko,J"]
[Result "1-0"]
[WhiteElo "2374"]
[BlackElo "2185"]

1.e4 c5 2.Nf3 d6 3.Bb5+ Bd7 4.Bxd7+ Qxd7 5.O-O Nf6 6.Qe2 e6 7.c3 Be7 8.d4 cxd4
9.cxd4 d5 10.Ne5 Qc8 11.exd5 Nxd5 12.Qg4 O-O 13.Nd2 Nd7 14.Ndf3 N7f6 15.Qh3 h6
16.Bd2 Qc2 17.Rab1 Rfc8 18.Rbc1 Qa4 19.Nxf7 Kxf7 20.Ne5+ Kf8 21.Qxe6 Qe8
22.Rxc8 Rxc8 23.Ng6+ Qxg6 24.Qxc8+ Kf7 25.Qxb7 Qd3 26.Bc3 Kg6 27.Qb3 Bd6
28.Qd1 Qf5 29.Qf3 Nf4 30.Re1 Kf7 31.Bd2 Qd3 32.Qxd3 Nxd3 33.Rb1 Ke6 34.Kf1 Ne4
35.Be3 Kd5 36.Ke2 Nf4+ 37.Bxf4 Bxf4 38.f3 Nd6 39.Kd3 Bxh2 40.Rc1 Nf5 41.Rc5+ Ke6
42.Ra5 Bb8 43.g4 Nd6 44.Re5+ Kd7 45.a4 Nc8 46.Rf5 Nd6 47.Rh5 Nf7 48.Rd5+ Bd6
49.Ra5 Bb8 50.b4 Ng5 51.Ke3 Ne6 52.Ra6 g6 53.d5 Nf4 54.Ke4 h5 55.gxh5 gxh5
56.Rh6 Ne2 57.Rh7+ Kc8 58.Kf5 Bd6 59.Ke6 Bxb4 60.d6 Nd4+ 61.Kd5 Nxf3 62.Rxh5 Kb7
63.Rh7+ Ka6 64.d7 Ba5 65.Rh8 Nd2 66.d8=Q Bxd8 67.Rxd8 Nb3 68.Kc4 Na5+ 69.Kc3 Nb7
70.Rd5 Kb6 71.Kb4 Kc6 72.Rh5 Nd6 73.Ka5 Nb7+ 74.Kb4 Nd6 75.Rh6 Kc7 76.a5 Kc6
77.Rg6 a6 78.Rh6 Kc7 79.Rh7+ Kc8 80.Kc5 Ne4+ 81.Kb6 Nf6 82.Rh8+ Kd7 83.Kxa6 Ne4
84.Ka7 Kc7 85.Rh1 Nc5 86.Rc1  1-0

[Event "ch-PriFO"]
[Site "Kazan RUS"]
[Date "2009.01.26"]
[Round "6"]
[White "Mokshanov,A"]
[Black "Ozolin,M"]
[Result "0-1"]
[WhiteElo "2185"]
[BlackElo "2377"]

1.e4 c5 2.Nf3 d6 3.Bb5+ Nc6 4.Bxc6+ bxc6 5.O-O e5 6.Re1 Be7 7.c3 f5 8.exf5 Bxf5
9.d4 cxd4 10.cxd4 e4 11.Nfd2 Nf6 12.f3 d5 13.fxe4 dxe4 14.Nf1 O-O 15.Ne3 Be6
16.b3 Qa5 17.Bb2 Bb4 18.Rf1 Qg5 19.Qe2 Ng4 20.Rxf8+ Rxf8 21.Nxg4 Bxg4 22.Qc4+ Kh8
23.Qc1 Qxc1+ 24.Bxc1 Be2 25.Nd2 e3 26.Nf3 Bxf3 27.gxf3 e2  0-1

[Event "ch-PriFO"]
[Site "Kazan RUS"]
[Date "2009.01.27"]
[Round "7"]
[White "Pavlovski,Y"]
[Black "Kanter,E"]
[Result "1/2-1/2"]
[WhiteElo "2281"]
[BlackElo "2366"]

1.e4 c5 2.Nf3 d6 3.Bb5+ Bd7 4.Bxd7+ Nxd7 5.d4 cxd4 6.Qxd4 Ngf6 7.Nc3 g6 8.Bg5 Bg7
9.O-O O-O 10.Qd3 Rc8 11.Rab1 Re8 12.h3 Qa5 13.Bd2 Qc7 14.Rfc1 a6 15.a4 Qc6
16.Qe3 e6 17.Re1 Qc7 18.Rbc1 Qb6 19.Qxb6 Nxb6 20.b3 Nfd7 21.Nd1 Nc5 22.a5 Nbd7
23.b4 Na4 24.c3 Rc4 25.Re3 Rec8 26.Rd3 R8c6 27.Nd4 Rc8 28.Nf3 R8c6 29.Nd4 Ne5
30.Rg3 Rc8 31.Ra1 b5 32.axb6 Nxb6 33.Rxa6 Ned7 34.Ne3 Bxd4 35.Nxc4 Nxc4 36.Rd3 Bb6
37.Bf4 e5 38.Bh6 f6 39.Bc1 Kf7 40.Kf1 Ke6 41.Ke2 Rf8 42.Bh6 Rc8 43.Bd2 f5
44.f3 Nf6 45.exf5+ gxf5 46.Be1 h5 47.g3 e4 48.fxe4 fxe4 49.Rd1 Nd5 50.Rda1 Ne5
51.R1a3 Nc4 52.Ra8 Rc7 53.Re8+ Kf5 54.Raa8 Ne5 55.Rec8 Rg7 56.c4 Nxb4 57.Bxb4 Rxg3
58.c5 dxc5 59.Bxc5 Rb3 60.Rf8+ Kg5 61.Bxb6 Rxb6 62.Ra5 Re6 63.Ra1 Nf3 64.Ke3 Kh4
65.Rf4+ Kg3 66.Rxe4 Rxe4+ 67.Kxe4 Ng5+ 68.Kf5 Nxh3 69.Ra3+ Kg2 70.Kg6 Nf4+
71.Kg5 Ne2 72.Kxh5 Kf2 73.Kg4 Nd4 74.Kf4 Ne2+ 75.Ke4 Ng3+ 76.Kd3 Kf3 77.Rb3 Kf4
78.Rb4+ Kf3 79.Rb8 Kf4  1/2-1/2

[Event "ch-PriFO"]
[Site "Kazan RUS"]
[Date "2009.01.27"]
[Round "7"]
[White "Predke,A"]
[Black "Askarov,M"]
[Result "0-1"]
[WhiteElo "2324"]
[BlackElo "2512"]

1.e4 c5 2.Nf3 d6 3.Bb5+ Bd7 4.Bxd7+ Qxd7 5.O-O Nf6 6.e5 dxe5 7.Nxe5 Qc8 8.Qf3 e6
9.Nc3 Be7 10.d3 O-O 11.Bf4 Nfd7 12.Nc4 Nc6 13.Rfe1 Nd4 14.Qd1 Rd8 15.a4 Nf8
16.Nb5 Ng6 17.Bd6 Bxd6 18.Ncxd6 Qc6 19.Nxd4 Qxd6 20.Nf3 c4 21.dxc4 Qb4 22.Qe2 Qxb2
23.Rab1 Qa3 24.Rxb7 Qxa4 25.Rxf7 Qc6 26.Ng5 h6 27.Qh5 e5 28.Nf3 e4 29.h3 exf3
30.Rxf3 a5 31.Qf5 Rf8 32.Qb5 Rfc8 33.Qf5 Ra6 34.Rfe3 Qxg2+ 35.Kxg2 Nh4+  0-1

[Event "7th Gibtelecom Masters"]
[Site "Caleta ENG"]
[Date "2009.01.28"]
[Round "2"]
[White "Pettersen,J"]
[Black "Salem,I"]
[Result "1-0"]
[WhiteElo "2016"]
[BlackElo "2171"]

1.e4 c5 2.Nf3 d6 3.Bb5+ Nc6 4.c3 Nf6 5.e5 dxe5 6.Nxe5 Qd5 7.Nf3 Bg4 8.h3 Bh5
9.Be2 e5 10.d3 Be7 11.O-O O-O 12.Qc2 Rad8 13.Nbd2 Bg6 14.Ne1 Rd7 15.Bf3 Qe6
16.Ne4 Rfd8 17.Ng5 Qd6 18.Ne4 Qc7 19.Be3 c4 20.dxc4 Kh8 21.Bg5 Nxe4 22.Bxe7 Nf6
23.Bxd8 Qxd8 24.Qa4 e4 25.Be2 Ne5 26.Rd1 Nd3 27.Qxa7 Nh5 28.Nxd3 exd3 29.Bf3 Nf6
30.Rd2 Re7 31.Rfd1 h6 32.Qc5 Kh7 33.Bd5 Ne4 34.Bxe4 Bxe4 35.Qd4 Qe8 36.Rxd3 Bxd3
37.Qxd3+ g6 38.g3 Re2 39.Rd2 Re1+ 40.Kg2 Qe7 41.b4 Qe6 42.Qd5 Qe7 43.c5 Rc1
44.Rd3 Kg7 45.Re3 Qc7 46.Qe5+ Qxe5 47.Rxe5 Kf6 48.Rd5 Rxc3 49.Rd6+ Ke5 50.Rb6 Ra3
51.Rxb7 Rxa2 52.Rxf7 Rb2 53.Rb7 Kd5 54.Rb6  1-0

[Event "7th Gibtelecom Masters"]
[Site "Caleta ENG"]
[Date "2009.01.29"]
[Round "3"]
[White "Ripari,M"]
[Black "Gandrud,V"]
[Result "1-0"]
[WhiteElo "2313"]
[BlackElo "2046"]

1.e4 c5 2.Nf3 d6 3.Bb5+ Bd7 4.Bxd7+ Qxd7 5.O-O g6 6.c3 Bg7 7.d4 cxd4 8.cxd4 e6
9.Nc3 Ne7 10.Bg5 O-O 11.Qd2 Re8 12.Rad1 Nbc6 13.Rfe1 a6 14.Bh6 Bh8 15.d5 exd5
16.Nxd5 Nxd5 17.Qxd5 Ne5 18.Nxe5 Bxe5 19.f4 Bxb2 20.Qxd6 Qxd6 21.Rxd6 Ba3
22.Rd7 b5 23.e5 Re7 24.Rxe7 Bxe7 25.Rc1 f6 26.Rc7 Re8 27.Kf2 fxe5 28.fxe5 Bf8
29.Bxf8 Kxf8 30.Rxh7 Rxe5 31.Ra7 Re6 32.Kf3 Rb6 33.g3 b4 34.Kg4 b3 35.axb3 Rxb3
36.Kg5 Rb6 37.h4 Kg8 38.Kh6 Rc6 39.Rg7+ Kh8 40.Ra7 Kg8 41.g4 Kf8 42.g5 Rc4
43.h5 gxh5 44.g6 Rg4 45.g7+ Kg8 46.Ra8+ Kf7 47.Rf8+  1-0

[Event "ch-PriFO"]
[Site "Kazan RUS"]
[Date "2009.01.29"]
[Round "9"]
[White "Abdullin,R"]
[Black "Hojamgulyev,B"]
[Result "1/2-1/2"]
[WhiteElo "2131"]
[BlackElo "2198"]

1.e4 c5 2.Nf3 d6 3.Bb5+ Bd7 4.Bxd7+ Qxd7 5.O-O Nc6 6.c3 Nf6 7.d4 cxd4 8.cxd4 Nxe4
9.d5 Nb8 10.Re1 Nf6 11.Bg5 Na6 12.Qd4 Rg8 13.Nbd2 h6 14.Bxf6 gxf6 15.Ne4 Bg7
16.Rad1 f5 17.Nf6+ Kd8 18.Nxd7 Bxd4 19.Nxd4 Kxd7 20.Nxf5 Rge8 21.Nxh6 Rac8
22.Rd2 Rc5 23.Nxf7 Nb4 24.a3 Rxd5 25.Rxd5 Nxd5 26.h4 Rf8 27.Ng5 e5 28.g3 Rc8
29.Kg2 a5 30.h5 Rg8 31.Ne4 Nf4+ 32.Kf3 Nxh5 33.Rh1 Rf8+ 34.Kg4  1/2-1/2

[Event "XXXIV Open"]
[Site "Seville ESP"]
[Date "2009.01.29"]
[Round "7"]
[White "Rivas Pastor,M"]
[Black "Spraggett,K"]
[Result "1/2-1/2"]
[WhiteElo "2514"]
[BlackElo "2586"]

1.e4 c5 2.Nf3 d6 3.Bb5+ Nd7 4.c3 Nf6 5.d3 a6 6.Ba4 e6 7.O-O b5 8.Bc2 Bb7
9.Re1 Rc8 10.h3 Be7  1/2-1/2

[Event "7th Gibtelecom Masters"]
[Site "Caleta ENG"]
[Date "2009.01.30"]
[Round "4"]
[White "Quillan,G"]
[Black "Berg,E"]
[Result "0-1"]
[WhiteElo "2357"]
[BlackElo "2606"]

1.e4 c5 2.Nf3 d6 3.Bb5+ Nd7 4.d4 cxd4 5.Qxd4 a6 6.Bxd7+ Bxd7 7.Bg5 Rc8 8.Nc3 h6
9.Bh4 e5 10.Qd3 g5 11.Bg3 Nf6 12.Nd2 Qa5 13.h4 Rg8 14.hxg5 hxg5 15.O-O-O Be6
16.Nb3 Qc7 17.Kb1 Qc4 18.Qf3 Be7 19.Rd2 b5 20.Re1 b4 21.Nd5 Nxd5 22.exd5 g4
23.Qd1 Bd7 24.Rde2 Kf8 25.Re4 Qb5 26.Qd2 Bg5 27.Qxb4 Qxb4 28.Rxb4 Bf5 29.a4 Bxc2+
30.Ka2 f5 31.f4 gxf3 32.gxf3 Bf6 33.Rg1 Bd3 34.Na5 f4 35.Bf2 Rxg1 36.Bxg1 Be2
37.Rb3 Bd8 38.Nb7 Bc4 39.Nxd6 Bxb3+ 40.Kxb3 Rc1 41.Ba7 Rf1 42.Kc4 Rxf3 43.Ne4 Kf7
44.d6 Ke6 45.Bb8 Kf5 46.Nc5 e4 47.Bc7 Bh4 48.b4 Rf1 49.Nb3 f3 50.Nd4+ Kg4
51.Kc3  0-1

[Event "7th Gibtelecom Masters"]
[Site "Caleta ENG"]
[Date "2009.01.30"]
[Round "4"]
[White "Klinova,M"]
[Black "Dimitrijevic,Dragan"]
[Result "1/2-1/2"]
[WhiteElo "2328"]
[BlackElo "2069"]

1.e4 c5 2.Nf3 d6 3.Bb5+ Nd7 4.O-O Nf6 5.Re1 e5 6.c3 a6 7.Bf1 b5 8.a4 Rb8
9.axb5 axb5 10.d4 Be7 11.b4 Qb6 12.Ra5 c4 13.Na3 Ba6 14.dxe5 dxe5 15.Qc2 Qc6
16.Qa2 Bd8 17.Nxc4 Bxa5 18.Ncxe5 Nxe5 19.Nxe5 Qc7 20.Qxa5 Qxe5 21.Qxa6 O-O
22.Qa3 Rfc8 23.Bb2 Qe6 24.Qa7 Qb3 25.Ba1 Ra8  1/2-1/2

[Event "7th Gibtelecom Masters"]
[Site "Caleta ENG"]
[Date "2009.01.30"]
[Round "4"]
[White "Kharous,E"]
[Black "Lyons,B"]
[Result "1-0"]
[WhiteElo "2400"]
[BlackElo "2060"]

1.e4 c5 2.Nf3 d6 3.Bb5+ Nd7 4.d4 a6 5.Bxd7+ Bxd7 6.Nc3 cxd4 7.Qxd4 Nf6 8.Bg5 h6
9.Bxf6 gxf6 10.Nd5 Rc8 11.O-O-O h5 12.Kb1 Qa5 13.Nb6 Rc5 14.Nxd7 Kxd7 15.Nd2 Qc7
16.Nb3 Rc4 17.Qd3 Bh6 18.Rhe1 Rc8 19.c3 a5 20.Qh3+ Ke8 21.Qxh5 Bg5 22.h4 a4
23.hxg5 Qb6 24.g6 fxg6 25.Qxg6+ Kd7 26.Qf5+ Kc7 27.Rd4 Kb8 28.Qd5 axb3 29.Rxc4 bxa2+
30.Ka1 Qxf2 31.Rxc8+ Kxc8 32.Qf5+  1-0

[Event "TCh-AUT 2nd Bundesliga Mitte 2008-9"]
[Site "Austria AUT"]
[Date "2009.01.31"]
[Round "5"]
[White "Velicka,P"]
[Black "Szabo,G ROM"]
[Result "1/2-1/2"]
[WhiteElo "2464"]
[BlackElo "2502"]

1.e4 c5 2.Nf3 d6 3.Bb5+ Nd7 4.d4 Nf6 5.O-O a6 6.Bxd7+ Nxd7 7.Nc3 cxd4 8.Qxd4 e6
9.Rd1 Qb6 10.Qxb6 Nxb6 11.Bf4 e5 12.Be3 Nc4 13.Nd5 Nxe3 14.fxe3 Rb8 15.Nb6 Be6
16.h3 Be7 17.Nd2 O-O 18.c3 Rbd8 19.Ndc4 f5 20.Nd5 Bg5 21.exf5 Bxf5 22.Ndb6 Rf7
23.Rf1 Rdf8 24.Rad1  1/2-1/2

[Event "7th Gibtelecom Masters"]
[Site "Caleta ENG"]
[Date "2009.01.31"]
[Round "5"]
[White "Hammer,J"]
[Black "Carlhammar,M"]
[Result "1-0"]
[WhiteElo "2532"]
[BlackElo "2350"]

1.Nf3 c5 2.e4 d6 3.Bb5+ Nd7 4.d4 cxd4 5.Qxd4 a6 6.Bxd7+ Bxd7 7.O-O Rc8 8.c4 Qc7
9.b3 b5 10.Na3 Nf6 11.cxb5 axb5 12.e5 dxe5 13.Nxe5 Qb7 14.Bg5 Nd5 15.Rac1 Rxc1
16.Bxc1 e6 17.Nxd7 Qxd7 18.Re1 Bb4 19.Rd1 Bc3 20.Qc5 b4 21.Nc4 f6 22.Nb6 Qb7
23.Nxd5 exd5 24.Rxd5 Rf8 25.Bf4 Rf7 26.Bd6 Rd7 27.Qc4 Rd8 28.Re5+  1-0

[Event "Open"]
[Site "Moscow RUS"]
[Date "2009.01.31"]
[Round "1"]
[White "Kuzubov,Y"]
[Black "Chernyshov,K"]
[Result "1/2-1/2"]
[WhiteElo "2626"]
[BlackElo "2544"]

1.Nf3 c5 2.e4 d6 3.Bb5+ Bd7 4.Bxd7+ Qxd7 5.O-O Nc6 6.c3 Nf6 7.Re1 e6 8.d4 cxd4
9.cxd4 d5 10.e5 Ne4 11.Nbd2 Nxd2 12.Bxd2 Be7 13.Re3 O-O 14.Rd3 Rfc8 15.Ng5 Bxg5
16.Bxg5 Ne7 17.Bxe7 Qxe7 18.Rc1 Qb4 19.Rd2 h6 20.h3 b5 21.Rcc2 Qa5 22.b3 b4
23.Rxc8+ Rxc8 24.Rc2 Rc3 25.Kf1 Qc7 26.Rxc3 Qxc3 27.Ke2 a5 28.Qd2 Qa1 29.Kf3 Qb1
30.Kg3 Kh7 31.Kf3 Kg6 32.Kg3 Qf5 33.Qd1 Kh7 34.Qd2 Kg8 35.Qd1 Qg5+ 36.Kh2 Qf4+
37.Kg1 g6 38.g3 Qe4 39.h4 Kg7 40.Kh2 Kf8 41.Kg1 Ke8 42.Kh2 g5 43.hxg5 hxg5
44.Kg1 Kf8 45.Kh2 g4 46.Qd2 Ke8 47.Qd1 Qf5 48.Kg2 Kf8 49.Kg1 Kg7 50.Qc1 Kg6
51.Qc8 Qb1+ 52.Kh2 Kg7 53.Qd8 Qh7+ 54.Kg1 Qf5 55.Kg2  1/2-1/2

[Event "XXXIV Open"]
[Site "Seville ESP"]
[Date "2009.01.31"]
[Round "9"]
[White "Garcia Luque,A"]
[Black "Montero Campuzano,R"]
[Result "1/2-1/2"]
[WhiteElo "2390"]
[BlackElo "2078"]

1.e4 c5 2.Nf3 d6 3.Bb5+ Bd7 4.Bxd7+ Qxd7 5.c4 g6 6.O-O Bg7 7.Nc3 Nc6 8.d3 Nh6
9.Rb1 O-O 10.a3 f5 11.b4 Kh8 12.Na4 b6 13.e5 Ng4 14.exd6 exd6 15.Bb2 Nce5
16.Nxe5 Nxe5 17.Nc3 Nc6 18.b5 Nd4 19.Re1 Rae8 20.Ne2  1/2-1/2

[Event "I Sonnenfeld Mem"]
[Site "Praca Seca BRA"]
[Date "2009.02.01"]
[Round "2"]
[White "Chauca,J"]
[Black "Cunha,E"]
[Result "0-1"]
[WhiteElo "2173"]
[BlackElo "2206"]

1.e4 c5 2.Nf3 d6 3.Bb5+ Bd7 4.a4 a6 5.Bc4 e6 6.O-O Nc6 7.d4 cxd4 8.Nxd4 Nf6
9.Re1 Be7 10.Nc3 O-O 11.b3 Rc8 12.Bb2 Qb6 13.Nxc6 Rxc6 14.a5 Qc7 15.h3 Rc8
16.Qd2 Rc5 17.Nd1 Bb5 18.Bd4 Rh5 19.Bxb5 axb5 20.Ra2 e5 21.Bb6 Qc6 22.Qe2 Rh4
23.f3 Rh6 24.Ne3 Qd7 25.Nf5 Rg6 26.Nxe7+ Qxe7 27.Qxb5 Nh5 28.Be3 Qh4 29.Re2 Qxh3
30.Qxb7 Rf8 31.Rf2 Qh4 32.Kf1 Qh1+ 33.Ke2 Rxg2 34.Rxg2 Qxg2+ 35.Kd1 Qxf3+
36.Kd2 Ng3 37.Bb6 Qf4+ 38.Kc3 Ne2+ 39.Kb4 Qd2+ 40.Ka3 Qc1+ 41.Kb4 Qb1 42.Ra4 Qxc2
43.a6 Qc3+ 44.Ka3 Nc1 45.Ba5 Qa1+ 46.Kb4 Qb2 47.Kc4 Qd4+  0-1

[Event "TCh-BEL 2008-9"]
[Site "Belgium BEL"]
[Date "2009.02.02"]
[Round "8"]
[White "Laurent,B"]
[Black "Ginsburg,G"]
[Result "0-1"]
[WhiteElo "2370"]
[BlackElo "2520"]

1.e4 c5 2.Nf3 d6 3.Bb5+ Bd7 4.Bxd7+ Qxd7 5.O-O Nf6 6.Re1 Nc6 7.c3 e6 8.d4 cxd4
9.cxd4 d5 10.e5 Ne4 11.Nbd2 Nxd2 12.Bxd2 Be7 13.Rc1 O-O 14.Rc3 a5 15.a3 a4
16.Rd3 Qd8 17.h4 Na5 18.Qxa4 Nc4 19.Qc2 Nxd2 20.Qxd2 Bxh4 21.Rb3 Rb8 22.Rc1 Be7
23.Qc3 Qd7 24.Qc7 Rfd8 25.Qb6 Rdc8 26.Rxc8+ Qxc8 27.Rc3 Qd8 28.Rc7 h5 29.a4 g5
30.a5 g4 31.Ne1 h4 32.Nd3 g3 33.Nf4 Rc8 34.Nxe6 Qd7 35.fxg3 hxg3 36.Kf1 Rxc7
37.Nxc7 Qf5+ 38.Ke2 Qe4+ 39.Kd1 Qd3+ 40.Ke1 Qe3+ 41.Kd1 Qd3+ 42.Ke1 Bg5  0-1

[Event "7th Gibtelecom Masters"]
[Site "Caleta ENG"]
[Date "2009.02.02"]
[Round "7"]
[White "Urbina Perez,J"]
[Black "Gandrud,V"]
[Result "0-1"]
[WhiteElo "2215"]
[BlackElo "2046"]

1.e4 c5 2.Nf3 d6 3.Bb5+ Bd7 4.Bxd7+ Qxd7 5.O-O Nc6 6.c3 g6 7.d4 cxd4 8.cxd4 Bg7
9.Nc3 Nf6 10.Qe2 O-O 11.h3 e5 12.dxe5 dxe5 13.Bg5 Ne8 14.Rac1 Nc7 15.Qe3 Rfe8
16.Nh2 Qd4 17.Qg3 Qb4 18.Ng4 Nd4 19.Qh4 Re6 20.Kh1 h5 21.Nf6+ Bxf6 22.Bxf6 Ne8
23.Nd5 Qxb2 24.f4 Nxf6 25.Nxf6+ Rxf6 26.Qxf6 Ne2 27.Rc7 Ng3+ 28.Kg1 Qd4+
29.Rf2 Qxf2+ 30.Kxf2  0-1

[Event "7th Gibtelecom Masters"]
[Site "Caleta ENG"]
[Date "2009.02.02"]
[Round "7"]
[White "Hammer,J"]
[Black "Roiz,M"]
[Result "1/2-1/2"]
[WhiteElo "2532"]
[BlackElo "2647"]

1.e4 c5 2.Nf3 d6 3.Bb5+ Nd7 4.d4 cxd4 5.Qxd4 a6 6.Bxd7+ Bxd7 7.O-O Rc8 8.c4 Qc7
9.b3 e5 10.Qd3 b5 11.Nbd2 Nf6 12.Ba3 Be7 13.Rfc1 Qb6 14.Rc2 b4 15.Bb2 O-O
16.Rac1 Qb7 17.Nh4 g6 18.c5 Bb5 19.Qf3 Nd7 20.c6 Bxc6 21.g3 Nf6 22.Ng2 Rc7
23.Ne3 Rfc8 24.Ng4 Nxg4 25.Qxg4 h5 26.Qe2 Bg5 27.Rd1 Be7 28.f3 Bb5 29.Nc4 Rc5
30.Rdc1 Bg5 31.f4 exf4 32.Qf2 Bxc4 33.Qd4 Re5 34.Rxc4 Rxc4 35.Rxc4 fxg3 36.hxg3 Be7
37.Rxb4 Qc7 38.Rc4 Qd7 39.Qb6 Rc5 40.Rxc5 dxc5 41.Qxa6 h4 42.Qa8+ Bf8 43.Qd5 Qh3
44.gxh4 Qg4+ 45.Kf1 Qf4+ 46.Kg2 Qg4+ 47.Kf1 Qh3+ 48.Kg1 Qg4+  1/2-1/2

[Event "66th ch-POL"]
[Site "Chotowa POL"]
[Date "2009.02.02"]
[Round "7"]
[White "Macieja,B"]
[Black "Miton,K"]
[Result "1/2-1/2"]
[WhiteElo "2607"]
[BlackElo "2595"]

1.e4 c5 2.Nf3 d6 3.Bb5+ Bd7 4.Bxd7+ Qxd7 5.c4 g6 6.Nc3 Bg7 7.d4 cxd4 8.Nxd4 Nf6
9.f3 O-O 10.Be3 Nc6 11.Nde2 Rac8 12.O-O Qd8 13.Rc1 Qa5 14.Qd2 a6 15.b3 Nd7
16.Rfd1 Rfe8 17.Nd5 Qxd2 18.Rxd2 Nc5 19.Nb6 Rc7 20.Nd5 Rcc8 21.Nb6 Rc7 22.Nd5  1/2-1/2

[Event "7th Gibtelecom Masters"]
[Site "Caleta ENG"]
[Date "2009.02.03"]
[Round "8"]
[White "Quillan,G"]
[Black "Carlsson,P"]
[Result "1/2-1/2"]
[WhiteElo "2357"]
[BlackElo "2509"]

1.e4 c5 2.Nf3 d6 3.Bb5+ Bd7 4.Bxd7+ Nxd7 5.c4 Ngf6 6.Nc3 e6 7.O-O a6 8.a4 Be7
9.d3 O-O 10.b3 Ng4 11.d4 Bf6 12.h3 cxd4 13.Nxd4 Nge5 14.Be3 Qa5 15.Qd2 Rfd8
16.Rab1 Rac8 17.Rfd1 h6 18.Kh1 Qc7 19.Nde2 Nc5 20.Ng3 Nxb3 21.Rxb3 Nxc4 22.Qe2 Nxe3
23.Qxe3 Qc4 24.Nce2 Qxa4 25.Rdb1 b5 26.Ra3 Qc2 27.Rc1 Qb2 28.Rxa6 b4 29.Rxc8 Rxc8
30.Rb6 Ra8 31.Qd3 Be5 32.Kh2 g5 33.Rb7 Qa3 34.Qb5 h5 35.Kg1 Qa1+ 36.Nf1 Qe1
37.Rb8+ Rxb8 38.Qxb8+ Kg7 39.Ng3 h4 40.Qd8 hxg3 41.Qxg5+ Kh7 42.Qh4+ Kg8
43.Qd8+ Kh7 44.Qh4+ Kg6 45.Qg4+ Kf6 46.Qh4+ Kg7 47.Qg5+ Kh8 48.Qd8+ Kh7 49.Qh4+ Kg8
50.Qd8+  1/2-1/2

[Event "7th Gibtelecom Masters"]
[Site "Caleta ENG"]
[Date "2009.02.03"]
[Round "8"]
[White "Vinas Guerrero,C"]
[Black "Getz,N"]
[Result "1/2-1/2"]
[WhiteElo "2104"]
[BlackElo "2190"]

1.e4 c5 2.Nf3 d6 3.Bb5+ Bd7 4.Bxd7+ Qxd7 5.O-O Nf6 6.e5 dxe5 7.Nxe5 Qc7 8.Qe2 Nc6
9.Nxc6 Qxc6 10.Na3 e6 11.Nc4 Qe4 12.Qxe4 Nxe4 13.d3 Nd6 14.b3 f6 15.Bb2 Kf7
16.a4 Be7 17.Nxd6+ Bxd6 18.Rfe1 Rac8 19.Re4 Rc6 20.g3 h5 21.Rae1 Be7 22.Kg2 a6
23.h3 Rd8 24.Ra1 Rd5 25.Kf3 Bd8 26.Kg2 Ba5 27.Rd1 Bb6 28.Rde1 Rf5 29.f3 Rd5
30.Bc3 Bc7 31.g4 Bb8 32.Ra1 Bc7 33.a5 Bb8 34.Raa4 Rc8 35.Rac4 Rh8 36.Be1 f5
37.Re2 g6  1/2-1/2

[Event "7th Gibtelecom Masters"]
[Site "Caleta ENG"]
[Date "2009.02.05"]
[Round "10"]
[White "Quillan,G"]
[Black "Gandrud,V"]
[Result "1/2-1/2"]
[WhiteElo "2357"]
[BlackElo "2046"]

1.e4 c5 2.Nf3 d6 3.Bb5+ Nc6 4.O-O Bd7 5.Re1 a6 6.Bxc6 Bxc6 7.d4 cxd4 8.Qxd4 e5
9.Qd3 Nf6 10.c4 Be7 11.Nc3 O-O 12.h3 Qc7 13.Bg5 Rac8 14.b3 h6 15.Bd2 Nd7
16.Be3 b6 17.Nd2 Qb7 18.a4 Nc5 19.Bxc5 bxc5 20.Rab1 Rb8 21.Nf1 f5 22.Nd5 Bxd5
23.cxd5 f4 24.Nd2 Rf6 25.f3 Rg6 26.Nc4 Bd8 27.Qc3 Qd7 28.Re2 Rb4 29.Kh1 Rf6
30.Rd2 Kh7 31.Nb2 Ba5 32.Rdd1 Qb7 33.Nc4 Bc7 34.Na3 Ba5 35.Nc4 Bc7 36.Rb2 Rf8
37.Na3 Ba5 38.Nc4 Bc7 39.Rd3 Kh8 40.Qc1 Qb8 41.Rc3 Qd8 42.Na3 Ba5 43.Rc4 Qb6
44.Rc3 Qd8 45.Nc4 Rb7 46.Rd3 Bb4 47.Qg1 g5 48.g4 fxg3 49.Qxg3 Rf4 50.Ne3 Qf8
51.Ng2 c4 52.bxc4 Be1 53.Nxf4 Bxg3 54.Ng6+ Kg8 55.Nxf8 Rxb2 56.Ne6 Bf2 57.Kg2 Kf7
58.Kf1 Kf6 59.Rc3 Bd4 60.Nxd4 exd4 61.Rc1 Ke5 62.c5 dxc5 63.Rxc5 d3 64.d6+ Kxd6
65.Ra5 Rh2 66.Rd5+ Ke6 67.Rxd3 Ra2 68.Rd5 Rxa4 69.Kf2 Ra1 70.Rc5 Kd6 71.Rf5 Ke6
72.h4 Ra2+ 73.Kg3 gxh4+ 74.Kxh4 a5 75.Kg4 Rg2+ 76.Kf4 Rg5 77.Rf8 Rb5 78.Rh8 h5
79.Rh6+ Kf7 80.e5 Rb8 81.Ra6 h4 82.Kf5 h3 83.Rxa5 h2 84.Ra7+ Kg8 85.Ra1 Rb7
86.Rh1 Rb2 87.Ke6 Rb6+ 88.Ke7 Rb7+ 89.Kf6 Rf7+ 90.Ke6 Rh7 91.f4 Rh5 92.Ke7 Kg7
93.e6 Kg6 94.Kd6 Rh3 95.Ke7 Rh7+ 96.Kd8 Kf6 97.f5 Rh3 98.Ke8 Rh8+ 99.Kd7 Rh7+
100.Kd6 Rh3 101.Kd5 Rh5 102.Kd6 Rh3 103.Kd7  1/2-1/2

[Event "TCh-HUN 2008-9"]
[Site "Budapest HUN"]
[Date "2009.02.08"]
[Round "7"]
[White "Leviczky,T"]
[Black "Molnar,Be"]
[Result "1/2-1/2"]
[WhiteElo "2303"]
[BlackElo "2357"]

1.e4 c5 2.Nf3 d6 3.Bb5+ Nd7 4.d4 cxd4 5.Qxd4 Nf6 6.Nc3 a6 7.Bxd7+ Bxd7 8.Bg5 Qa5
9.O-O-O h6 10.Bxf6 gxf6 11.Nd5 Rg8 12.Nh4 Rc8 13.Kb1 Qc5 14.Nb6 Qxd4 15.Rxd4 Rc5
16.Nxd7 Kxd7 17.g3 e6 18.Rhd1 Be7 19.c3  1/2-1/2

[Event "Open C Women"]
[Site "Moscow RUS"]
[Date "2009.02.08"]
[Round "9"]
[White "Kovalevskaya,E"]
[Black "Gu Xiaobing"]
[Result "0-1"]
[WhiteElo "2442"]
[BlackElo "2283"]

1.e4 c5 2.Nf3 d6 3.Bb5+ Nc6 4.O-O Bd7 5.Re1 Nf6 6.c3 a6 7.Bf1 Bg4 8.h3 Bxf3
9.Qxf3 g6 10.Na3 Bg7 11.Nc2 Qb6 12.Qd1 Nd7 13.Ne3 O-O 14.a4 Rfc8 15.f4 e6
16.Rb1 Re8 17.Bc4 Rad8 18.Ba2 Nf6 19.d3 Qa5 20.b4 cxb4 21.cxb4 Qb6 22.Kh2 Nh5
23.Rf1 Nd4 24.Nc4 Qc7 25.Na5 d5 26.e5 Bxe5 27.g3 Bf6 28.Nb3 Rc8 29.Rf2 Nxb3
30.Bxb3 Qb6 31.Rg2 Qxb4 32.Ba2 Qc5 33.Qe2 Ng7 34.Be3 Qc7 35.g4 Bd4 36.Bd2 e5
37.Bxd5 b6 38.Qf3 exf4 39.Bxf4 Be5 40.Rf1 Ne6 41.Bxe5 Qxe5+ 42.Kh1 Ng5 43.Bxf7+ Kg7
44.Qd5 Rcd8 45.Qxe5+ Rxe5 46.Ba2 Rxd3 47.Rc2 Rxh3+ 48.Kg2 Rhe3 49.Rc7+ Re7
50.Rfc1 Rxc7 51.Rxc7+ Kf6 52.Bd5 Ke5 53.Bb7 Ra3 54.Rc4 a5 55.Bc6 Rb3 56.Rc1 Rb4
57.Kg3 Ne4+ 58.Bxe4 Kxe4 59.Rc7 Rxa4 60.Re7+ Kd5 61.Rxh7 Re4 62.Kh4 a4 63.Kg5 b5
64.Rd7+ Kc6 65.Ra7 Kb6 66.Ra8 Re6 67.Kh6 Kc5 68.g5 Kb4 69.Rf8 a3 70.Rf6 Re1  0-1

[Event "ch-CZE"]
[Site "Decin CZE"]
[Date "2009.02.12"]
[Round "3"]
[White "Velicka,P"]
[Black "Studnicka,Toma"]
[Result "1-0"]
[WhiteElo "2464"]
[BlackElo "2317"]

1.e4 c5 2.Nf3 d6 3.Bb5+ Bd7 4.Bxd7+ Qxd7 5.c4 Nf6 6.Nc3 g6 7.d4 cxd4 8.Nxd4 Bg7
9.f3 O-O 10.Be3 Nc6 11.Nde2 a6 12.a4 e6 13.O-O Qc7 14.Rb1 Rfd8 15.Qd2 Na5
16.b3 b6 17.Rfd1 Rac8 18.Kh1 Nb7 19.Bg5 Rd7 20.Qf4 Ne8 21.Qe3 Qc5 22.Qd2 Qc7
23.Be3 Na5 24.Qe1 Qb7 25.Qf2 Rb8 26.Bd4 Bf8 27.Qh4 Be7 28.Qh6 Bf8 29.Qd2 Nc6
30.Be3 Bg7 31.Nd4 Nf6 32.Nxc6 Qxc6 33.Bd4 Ne8 34.Bxg7 Kxg7 35.Qb2 Kg8 36.Rd3 Qc5
37.Rbd1 Qe5 38.Qd2 Rc7 39.f4 Qf6 40.Qe3 Rc5 41.e5 dxe5 42.Ne4 Qxf4 43.Qxf4 exf4
44.Nxc5 bxc5 45.Rd8 Rxd8 46.Rxd8 Kf8 47.Ra8 e5 48.a5 e4 49.Kg1 g5 50.Rxa6 Ke7
51.Rc6 Kd7 52.Rxc5 h6 53.a6 Nc7 54.a7 Na8 55.Rb5  1-0

[Event "I Maravilhosa Festival"]
[Site "Rio de Janeiro BRA"]
[Date "2009.02.14"]
[Round "6"]
[White "Chauca,J"]
[Black "Rego,V"]
[Result "0-1"]
[WhiteElo "2173"]
[BlackElo "2227"]

1.e4 c5 2.Nf3 d6 3.Bb5+ Bd7 4.Bxd7+ Nxd7 5.O-O Ngf6 6.Re1 g6 7.c3 Bg7 8.d4 O-O
9.b3 cxd4 10.cxd4 Rc8 11.Bb2 d5 12.e5 Ne4 13.Rxe4 dxe4 14.Nfd2 f5 15.Nc3 Nb6
16.Ne2 Nd5 17.a3 b5 18.b4 e6 19.Nb3 Qe7 20.Nc5 Nb6 21.Nf4 Na4 22.Qb3 Nxc5
23.bxc5 Rfe8 24.Qxb5 g5 25.Nh5 Rb8 26.Qe2 Rb3 27.Qc2 Reb8 28.Bc3 Qd7 29.Bb4 Qd5
30.Rd1 a5 31.Bxa5 Rxa3 32.Bb6 Ra2 33.Qc1 f4 34.c6 Rc8 35.c7 Ra6 36.Qb2 Qb7
37.Rb1 Rxc7 38.h4 Rc6 39.Bc5 Qxb2 40.Rxb2 Bxe5 41.dxe5 Rxc5 42.Rb7 Rc1+ 43.Kh2 e3
44.fxe3 fxe3 45.Nf6+ Kf8 46.Nxh7+ Ke8 47.Nf6+ Kd8 48.Rb2 gxh4 49.Re2 Ra3
50.Ng4 Raa1 51.g3 Rh1+ 52.Kg2 Rag1+ 53.Kf3 Rxg3+ 54.Kf4 Rf1+ 55.Kg5 Rfg1
56.Kf6 Rxg4 57.Kxe6  0-1

[Event "58th ch-BUL w"]
[Site "Dupnitsa BUL"]
[Date "2009.02.15"]
[Round "3"]
[White "Vladimirova,M"]
[Black "Nikolova,A"]
[Result "1-0"]
[WhiteElo "2062"]
[BlackElo "2310"]

1.e4 c5 2.Nf3 d6 3.Bb5+ Bd7 4.Bxd7+ Qxd7 5.O-O Nc6 6.c3 Nf6 7.Re1 e6 8.d4 cxd4
9.cxd4 d5 10.e5 Ng8 11.Nc3 Nge7 12.a3 Nf5 13.Ne2 Be7 14.Bg5 Bf8 15.Ng3 h6
16.Be3 Nxe3 17.Rxe3 h5 18.Nf1 Be7 19.Rc3 g5 20.Rac1 g4 21.Ne1 f5 22.b4 a6
23.Nd3 Kf7 24.Nc5 Bxc5 25.Rxc5 Rac8 26.Qd2 Kg6 27.Ng3 h4 28.Ne2 Ne7 29.Nf4+ Kf7
30.Nd3 b6 31.Rxc8 Rxc8 32.Rf1 Qa4 33.Qh6 Ke8 34.Nf4 Qxa3 35.Nxe6 Qxb4 36.Ng7+ Kd7
37.Qe6+ Kc7 38.Nxf5 Kd8 39.Nd6 Rc2 40.Qxg4 Qa4 41.Qxh4 a5 42.Nb7+ Kc8 43.Qxe7 Kb8
44.Nd6 Qc6 45.Qe8+ Qxe8 46.Nxe8 a4 47.f4 a3 48.f5 a2 49.f6 Rb2 50.f7 Rb1
51.f8=Q a1=Q 52.Nd6+ Ka7 53.Qg7+ Ka6 54.Qb7+ Ka5 55.Qa7+ Kb4 56.Qxa1 Rxa1
57.Rxa1 Kc3 58.e6 Kxd4 59.e7 Kc5 60.e8=Q Kxd6 61.Rc1 d4 62.Qe4 b5 63.Qxd4+ Ke6
64.Re1+ Kf5 65.Re5+ Kf6 66.Qd6+ Kf7 67.Re7+ Kg8 68.Qd8+  1-0